Normal view MARC view
  • Calles, Plutarco Elías,

Entry Nombre Personal

Number of records used in: 3

001 - NUMERO DE CONTROL

  • campo de control: 27913

003 - IDENTIFICADOR DE NUMERO DE CONTROL

  • campo de control: DLC

005 - FECHA Y HORA DE LA ÜLTIMA TRANSACCIÓN

  • campo de control: 20240412131246.0

008 - DATOS DE LONGITUD FIJA

  • campo de control de longitud fija: 230510n| acannaabn |a aaa

010 ## - NÚMERO DE CONTROL DE LA BIBLIOTECA DEL CONGRESO

  • Número de control LC: n 80123495

035 ## - NUMERO DE CONTROL

  • Número de control: (OCoLC)oca00504047

040 ## - FUENTE DE CATALOGACIÓN

  • Agencia original de catalogación: DLC
  • Lenguaje de catalogación: spa
  • Agencia de transcripción: DLC
  • Agencia que lo modifica: DLC
  • Agencia que lo modifica: PPPrHi
  • Agencia que lo modifica: OCoLC
  • Agencia que lo modifica: MX-MxUPN

046 ## - FECHAS CON CODIFICACIÓN ESPECIAL

  • Fecha de nacimiento: 1877
  • Fecha de muerte: 1945

100 1# - ENCABEZAMIENTO - NOMBRE PERSONAL

  • Nombre personal: Calles, Plutarco Elías,
  • Fechas asociadas con el nombre: 1877-1945

400 1# - VEÁSE - NOMBRE DE PERSONA

  • Control subfield: nnaa
  • Personal name: Calles, Plutarco Elías,
  • Titles and other words associated with a name: Pres. México,
  • Dates associated with a name: 1877-1945

400 1# - VEÁSE - NOMBRE DE PERSONA

  • Personal name: Elías Calles, Plutarco,
  • Dates associated with a name: 1877-1945

400 1# - VEÁSE - NOMBRE DE PERSONA

  • Personal name: Calles, P. Elías
  • Fuller form of name: (Plutarco Elías),
  • Dates associated with a name: 1877-1945

510 1# - MENCIÓN DE REFERENCIA “VÉASE ADEMÁS”- NOMBRE DE ENTIDAD CORPORTATIVA

  • Corporate name or jurisdiction name as entry element: México.
  • Subordinate unit: Presidente (1924-1928 : Calles)

670 ## - FUENTE EN LA QUE SE LOCALIZARON DATOS

  • Cita de la fuente: En su obra: Partes oficiales de la camp. de Sonora ... 1932:
  • Información localizada: portada (Gral. P. Elías Calles; gobernador y comandante militar del Estado de Sonora)

902 ## - CATALOGADOR

  • Catalogador: NDAF/100523